[Event "Veterans Bdr 2016"]
[Site "Aubagne"]
[Date "2016.06.02"]
[Round "6.16"]
[White "Pietrac, Christian"]
[Black "Autouard, Jean-Luc"]
[Result "0-1"]
[WhiteElo "1201"]
[BlackElo "1378"]
[PlyCount "112"]
[EventDate "2016.??.??"]

1. Nf3 d6 2. d3 Nf6 3. g3 c5 4. Nbd2 e6 5. e4 Nc6 6. Bg2 Be7 7. O-O O-O 8. Re1
Ng4 9. Nc4 b5 10. Ne3 e5 11. h3 Nxe3 12. Bxe3 Bd7 13. c3 Qc8 14. h4 Bg4 15. a4
b4 16. Kh2 f5 17. cxb4 Nxb4 18. Qb3+ Kh8 19. Rf1 f4 20. Bd2 Be6 21. Qc3 Bg4 22.
Rac1 fxg3+ 23. fxg3 Bxf3 24. Bh3 Bg4 25. Bg2 Be2 26. Rg1 Qg4 27. Be3 Rf6 28.
Qd2 Raf8 29. Bg5 R6f7 30. Rce1 Bxd3 31. Bxe7 Rxe7 32. Qg5 Qxg5 33. hxg5 Ref7
34. Re3 c4 35. Kh3 Nc6 36. b3 Nd4 37. bxc4 Bxc4 38. Rc3 Be6+ 39. Kh2 Ne2 40.
Rf3 Nxg1 41. Rxf7 Rxf7 42. Kxg1 Rc7 43. Bf1 Rc1 44. Kf2 a5 45. Bb5 Ra1 46. Ke2
Bb3 47. Kd2 Bxa4 48. Bc4 Rg1 49. Kc3 Rxg3+ 50. Bd3 Bb5 51. Kd2 Rxd3+ 52. Kc2 a4
53. Kb2 a3+ 54. Ka2 Bc4+ 55. Ka1 a2 56. Kb2 Rg3 0-1

[Event "Veterans Bdr 2016"]
[Site "Aubagne"]
[Date "2016.06.02"]
[Round "6.17"]
[White "Veith, Irene"]
[Black "Roman, Sylvian"]
[Result "0-1"]
[WhiteElo "1122"]
[BlackElo "1323"]
[PlyCount "84"]
[EventDate "2016.??.??"]

1. e4 e5 2. Ne2 Nc6 3. Nbc3 Nf6 4. d4 exd4 5. Nxd4 Bb4 6. a3 Bc5 7. Be3 Bb6 8.
Bc4 O-O 9. O-O Ne5 10. Ba2 d6 11. h3 Nc6 12. Kh1 Re8 13. Qf3 Ne5 14. Qe2 Nc6
15. Nf3 Nxe4 16. Qd3 Bxe3 17. Qxe3 Ng3+ 18. fxg3 Rxe3 19. Nd5 Rxf3 20. Rxf3 Be6
21. c3 Ne5 22. Re3 Qd7 23. Nf4 Bxa2 24. Rxa2 Re8 25. b4 Nc4 26. Rd3 Re3 27. Kh2
Rxd3 28. Nxd3 Kf8 29. a4 Ne3 30. Nf4 Qc6 31. Kg1 Qxc3 32. Ne2 Qe1+ 33. Kh2 Nf1+
34. Kh1 Nxg3+ 35. Kh2 Nxe2 36. Rxe2 Qxe2 37. a5 d5 38. h4 d4 39. Kg3 d3 40. b5
d2 41. b6 cxb6 42. axb6 a6 0-1

[Event "Veterans Bdr 2016"]
[Site "Aubagne"]
[Date "2016.06.02"]
[Round "7.1"]
[White "Battaglia, Gerard"]
[Black "Quet, Jean-Francois"]
[Result "1/2-1/2"]
[WhiteElo "1760"]
[BlackElo "1730"]
[PlyCount "118"]
[EventDate "2016.??.??"]
[WhiteTeam "Le Gambit Marseillais"]
[BlackTeam "ASPTT Marseille"]

1. d4 Nf6 2. Bg5 Ne4 3. Bf4 d5 4. f3 Nd6 5. e3 Bf5 6. Nc3 e6 7. g4 Bg6 8. Bd3
f5 9. Qe2 Nd7 10. Bxd6 Bxd6 11. gxf5 Qh4+ 12. Qf2 Qxf2+ 13. Kxf2 Bf7 14. fxe6
Bxe6 15. Nge2 c6 16. Rag1 g6 17. h4 Nf6 18. Ng3 O-O-O 19. Nce2 Rdf8 20. Ke1
Rhg8 21. Rf1 c5 22. dxc5 Bxc5 23. Kd2 Bd6 24. h5 Bxg3 25. Nxg3 gxh5 26. Nxh5
Nxh5 27. Rxh5 Rg2+ 28. Kc3 Rg7 29. Rxh7 Rxh7 30. Bxh7 Bg4 31. f4 Rh8 32. Bg6
Kc7 33. Rf2 Rh3 34. Kd4 Kd6 35. f5 Rh1 36. f6 Rh8 37. Rf4 Be6 38. f7 Ke7 39. b3
Rc8 40. f8=Q+ Rxf8 41. Rxf8 Kxf8 42. e4 dxe4 43. Bxe4 b6 44. Ke5 Ke7 45. c4 a5
46. a3 Bf7 47. Bd5 Be8 48. b4 Kd7 49. bxa5 bxa5 50. c5 Kc7 51. Kd4 Bb5 52. Kc3
Ba4 53. Bb3 Bb5 54. Bd5 Ba4 55. Kc4 Kd7 56. Bf3 Ke7 57. Bh5 Kd7 58. Kd4 Bc6 59.
Ke5 Bg2 1/2-1/2

[Event "Veterans Bdr 2016"]
[Site "Aubagne"]
[Date "2016.06.02"]
[Round "7.2"]
[White "Derien, Robert"]
[Black "Kleitz, Michel"]
[Result "1-0"]
[WhiteElo "1633"]
[BlackElo "1786"]
[PlyCount "62"]
[EventDate "2016.??.??"]
[WhiteTeam "Puy Ste Réparade"]
[BlackTeam "Issy-Les-Moulineaux"]

1. e4 c5 2. Nf3 d6 3. c3 Nf6 4. Bb5+ Bd7 5. Bxd7+ Nbxd7 6. Qe2 e6 7. d4 Be7 8.
O-O O-O 9. e5 dxe5 10. dxe5 Nd5 11. c4 Nb4 12. a3 Nc6 13. Nc3 a6 14. Bf4 Qc7
15. Bg3 h6 16. h4 Rfd8 17. Rfd1 Rab8 18. Rd2 Na5 19. Rad1 Nb3 20. Rd3 Nb6 21.
Ne4 Rxd3 22. Qxd3 Na5 23. Nf6+ gxf6 24. exf6 Qxg3 25. fxg3 Bxf6 26. b4 Nc6 27.
Qd6 Nd4 28. Nxd4 Bxd4+ 29. Rxd4 cxd4 30. Qxd4 Na8 31. c5 Rc8 1-0

[Event "Veterans Bdr 2016"]
[Site "Aubagne"]
[Date "2016.06.02"]
[Round "7.3"]
[White "Perdiolat, Francis"]
[Black "Vialette, Eric"]
[Result "0-1"]
[WhiteElo "1407"]
[BlackElo "1618"]
[PlyCount "24"]
[EventDate "2016.??.??"]
[WhiteTeam "Puy Ste Réparade"]
[BlackTeam "Echiquier Marseillais 1872"]

1. e4 d5 2. exd5 Nf6 3. d4 Bg4 4. Be2 Bxe2 5. Nxe2 Qxd5 6. b3 Qxg2 7. Ng3 Nc6
8. f3 O-O-O 9. Bb2 e5 10. c3 exd4 11. cxd4 Bb4+ 12. Bc3 Rhe8+ 0-1

[Event "Veterans Bdr 2016"]
[Site "Aubagne"]
[Date "2016.06.02"]
[Round "7.4"]
[White "Amoros, Jean"]
[Black "Alfaro, Michel"]
[Result "0-1"]
[WhiteElo "1458"]
[BlackElo "1548"]
[PlyCount "86"]
[EventDate "2016.??.??"]
[WhiteTeam "Club d'Echecs de Meyreuil"]
[BlackTeam "Echiquier Marseillais 1872"]

1. e4 Nc6 2. d4 d5 3. e5 Bf5 4. Bb5 a6 5. Be2 e6 6. Nf3 Nb4 7. Na3 c5 8. c3 Nc6
9. O-O f6 10. Nh4 fxe5 11. Nxf5 exf5 12. dxe5 Nxe5 13. Bf4 Ng6 14. Bh5 Nf6 15.
Re1+ Kf7 16. Bg5 Be7 17. Bf3 Ne4 18. Bxe7 Nxe7 19. Qb3 Qc7 20. c4 Rad8 21. cxd5
Nd2 22. d6+ Nxb3 23. dxc7 Nxa1 24. cxd8=Q Rxd8 25. Rxa1 b5 26. Nc2 Rd2 27. Bd1
Nc6 28. b3 Ne5 29. Ne3 g6 30. Bf3 Nxf3+ 31. gxf3 Kf6 32. Kf1 Ke5 33. Ke1 Rb2
34. Nf1 Kf4 35. Nd2 Rc2 36. Kd1 Rc3 37. Ke2 c4 38. bxc4 bxc4 39. Rb1 Rc2 40. a4
c3 41. Rd1 Rxd2+ 42. Rxd2 cxd2 43. Kxd2 Kxf3 0-1

[Event "Veterans Bdr 2016"]
[Site "Aubagne"]
[Date "2016.06.02"]
[Round "7.5"]
[White "Graells, Christian"]
[Black "Vicari-Vento, Salvatore"]
[Result "1-0"]
[WhiteElo "1611"]
[BlackElo "1477"]
[PlyCount "133"]
[EventDate "2016.??.??"]
[WhiteTeam "Club d'Echecs de Meyreuil"]
[BlackTeam "Cercle d'Echecs Aubagnais"]

1. e4 c5 2. Nf3 Nf6 3. Nc3 a6 4. d4 cxd4 5. Nxd4 d6 6. Bc4 e5 7. Nf3 Nbd7 8.
O-O Nc5 9. Be3 Ncxe4 10. Nxe4 Nxe4 11. Qd5 Be6 12. Qxe4 d5 13. Qxe5 dxc4 14.
Rad1 Qf6 15. Bd4 Qxe5 16. Bxe5 f6 17. Bc3 Kf7 18. Rfe1 Be7 19. Nd4 Bg4 20. f3
Bc8 21. Kh1 Re8 22. Ne2 Bf5 23. Nd4 Bc8 24. Re2 Bc5 25. Rxe8 Kxe8 26. Ne2 Kf7
27. Rd5 b6 28. Nf4 Be6 29. Nxe6 Kxe6 30. Rd1 b5 31. b4 Bb6 32. g4 a5 33. a3
axb4 34. Bxb4 Rd8 35. Re1+ Kf7 36. Re7+ Kg6 37. Rb7 Rd1+ 38. Kg2 Rg1+ 39. Kh3
Bd4 40. Bf8 f5 41. gxf5+ Kxf5 42. Rxb5+ Kf4 43. Rb4 Kxf3 44. Rxc4 Be3 45. Rh4
h6 46. Rc4 h5 47. Rc3 g5 48. Rxe3+ Kf4 49. Bc5 Rh1 50. Re2 Kf5 51. Bd4 Rd1 52.
c3 Ra1 53. Bc5 Rd1 54. Rg2 Rd5 55. Bb4 h4 56. Rf2+ Kg6 57. c4 Re5 58. c5 Kh5
59. c6 Re4 60. c7 Rc4 61. Bd6 Rc3+ 62. Kg2 h3+ 63. Kf1 Kg4 64. Bg3 Rc5 65. Rf8
Rc1+ 66. Ke2 Rc2+ 67. Kd3 1-0

[Event "Veterans Bdr 2016"]
[Site "Aubagne"]
[Date "2016.06.02"]
[Round "7.6"]
[White "Rouaud, Robert"]
[Black "Hunault, Francis"]
[Result "0-1"]
[WhiteElo "1442"]
[BlackElo "1358"]
[PlyCount "114"]
[EventDate "2016.??.??"]
[WhiteTeam "Echiquier Brignolais"]
[BlackTeam "Cercle d'Echecs Aubagnais"]

1. e4 e5 2. Bc4 Nf6 3. d3 Bc5 4. h3 c6 5. Nf3 d6 6. Nc3 b5 7. Bb3 Qb6 8. Qe2
O-O 9. Be3 Nbd7 10. Bxc5 Nxc5 11. Nd2 a5 12. a3 Nxb3 13. Nxb3 Ba6 14. O-O Rfe8
15. Nd2 d5 16. Rfe1 d4 17. Nd1 c5 18. b3 Rac8 19. Nb2 Rc6 20. Rf1 h6 21. f4
exf4 22. Rxf4 Nd5 23. Rf3 Ne3 24. Rc1 Rg6 25. Rf2 Bc8 26. Kh1 Qd6 27. Nf1 Nxf1
28. Rcxf1 Qg3 29. Rf3 Qh4 30. Qf2 Qxf2 31. R1xf2 Be6 32. Kh2 Rf8 33. Rg3 Rxg3
34. Kxg3 g6 35. h4 h5 36. Nd1 Kg7 37. Rd2 f5 38. exf5 Rxf5 39. Rf2 Kf6 40.
Rxf5+ Kxf5 41. Nf2 a4 42. Ne4 axb3 43. cxb3 Bxb3 44. Nxc5 Bc2 45. Kf3 Bd1+ 46.
Kf2 Ke5 47. Ne4 Kd5 48. Ke1 Bg4 49. Nf6+ Kc5 50. Nxg4 hxg4 51. Kf2 b4 52. axb4+
Kxb4 53. g3 Kc3 54. Ke2 Kc2 55. Ke1 Kxd3 56. Kd1 Ke3 57. Ke1 Kf3 0-1

[Event "Veterans Bdr 2016"]
[Site "Aubagne"]
[Date "2016.06.02"]
[Round "7.7"]
[White "Thiers, Jean-Jacques"]
[Black "Souesme, Gerard"]
[Result "0-1"]
[WhiteElo "1726"]
[BlackElo "1433"]
[PlyCount "134"]
[EventDate "2016.??.??"]
[WhiteTeam "Echiquier Marseillais 1872"]
[BlackTeam "Echiquier Brignolais"]

1. e4 c6 2. d4 d5 3. Nc3 dxe4 4. Nxe4 Bf5 5. Ng3 Bg6 6. Nf3 Nd7 7. Bc4 e6 8.
O-O Be7 9. Re1 Ngf6 10. c3 O-O 11. Bg5 Nh5 12. Bxe7 Qxe7 13. Ne4 Rad8 14. Qb3
Nb6 15. Bf1 Bxe4 16. Rxe4 Nf6 17. Ree1 Qc7 18. Ne5 Rd5 19. Be2 Nbd7 20. Nxd7
Rxd7 21. Bf3 Qf4 22. Rad1 Ng4 23. Bxg4 Qxg4 24. Rd3 Qf5 25. Qd1 Qd5 26. a3 b6
27. Rh3 f5 28. Rhe3 Rf6 29. Qe2 Rg6 30. f3 Kf7 31. Re5 Qd6 32. Qc4 Rf6 33. f4
Rc7 34. R1e3 Rd7 35. b4 g6 36. Qa2 Qe7 37. Rh3 h5 38. Qf2 Rd5 39. Qh4 Kg7 40.
Rg3 Kh7 41. Rge3 Rxe5 42. fxe5 Rf7 43. Qxe7 Rxe7 44. Kf2 Kg7 45. a4 Kf7 46. Kf3
Rc7 47. c4 a5 48. bxa5 bxa5 49. Rb3 c5 50. d5 exd5 51. cxd5 c4 52. Rc3 Rc5 53.
Kf4 Rxd5 54. Rxc4 Rd2 55. Kf3 Ra2 56. h4 Ke6 57. g3 Ra1 58. Kf4 Kd5 59. Rc8
Rxa4+ 60. Kg5 Rg4+ 61. Kf6 Rxg3 62. Ra8 Re3 63. Rxa5+ Kc6 64. e6 f4 65. e7 f3
66. Re5 Rxe5 67. Kxe5 Kd7 0-1

[Event "Veterans Bdr 2016"]
[Site "Aubagne"]
[Date "2016.06.02"]
[Round "7.8"]
[White "Corrias, Robert"]
[Black "Ulloa, Philippe"]
[Result "0-1"]
[WhiteElo "1596"]
[BlackElo "1351"]
[PlyCount "94"]
[EventDate "2016.??.??"]
[WhiteTeam "ASPTT Marseille"]
[BlackTeam "Le Gambit Marseillais"]

1. e4 e5 2. Nf3 d6 3. d4 exd4 4. c3 dxc3 5. Nxc3 h6 6. Bc4 Nd7 7. O-O Be7 8.
Qd5 Ne5 9. Nxe5 Be6 10. Bb5+ c6 11. Bxc6+ Kf8 12. Ng6+ fxg6 13. Qxe6 bxc6 14.
Qxg6 Bf6 15. Be3 Ne7 16. Qg3 Kf7 17. f4 Rf8 18. e5 Nf5 19. Qh3 Nxe3 20. Qxe3
Re8 21. Rae1 Be7 22. exd6 Qxd6 23. Ne4 Qb4 24. Qb3+ Qxb3 25. axb3 Rab8 26. Rd1
Red8 27. Rxd8 Rxd8 28. h3 Rd4 29. Nc3 Bc5 30. Kh2 Bd6 31. g3 Rd2+ 32. Kh1 Rxb2
33. Ra1 Bc5 34. Na4 Rc2 35. Nxc5 Rxc5 36. Rxa7+ Kf6 37. b4 Rc2 38. Ra6 Kf5 39.
Ra5+ Ke4 40. Rc5 Rxc5 41. bxc5 Kd4 42. Kg2 Kxc5 43. Kf3 Kd4 44. f5 c5 45. Kf4
c4 46. g4 c3 47. g5 c2 0-1

[Event "Veterans Bdr 2016"]
[Site "Aubagne"]
[Date "2016.06.02"]
[Round "7.9"]
[White "Sage, Jean-Claude"]
[Black "Frontera, Pierre"]
[Result "1-0"]
[WhiteElo "1580"]
[BlackElo "1230"]
[PlyCount "99"]
[EventDate "2016.??.??"]
[WhiteTeam "Echiquier Marseillais 1872"]
[BlackTeam "Cercle d'Echecs Aubagnais"]

1. e4 c5 2. Nc3 e5 3. Bc4 Nf6 4. f4 Nc6 5. Nf3 h6 6. fxe5 Nh7 7. O-O f6 8. exf6
gxf6 9. d4 Be7 10. Nd5 d6 11. Nxe7 Qxe7 12. dxc5 dxc5 13. Nh4 Nf8 14. Qh5+ Kd8
15. Rd1+ Bd7 16. Qd5 Kc7 17. Bf4+ Ne5 18. Nf5 Bxf5 19. exf5 Rd8 20. Qxd8+ Qxd8
21. Rxd8 Kxd8 22. Rd1+ Ke7 23. Bxe5 fxe5 24. Rd5 Nd7 25. Rd3 Nf6 26. h3 h5 27.
Re3 e4 28. Bd3 Rd8 29. Bxe4 Nxe4 30. Rxe4+ Kf6 31. g4 hxg4 32. hxg4 Kg5 33. Kf2
Rd2+ 34. Re2 Rd4 35. Re7 Rxg4 36. Rxb7 a5 37. Rb5 Rf4+ 38. Ke3 Rxf5 39. Rxa5
Re5+ 40. Kd2 Kf4 41. Ra4+ Kf3 42. Ra3+ Kf2 43. Rh3 Re2+ 44. Kc3 Re4 45. Rd3 Ke2
46. Rd5 Rd4 47. Rxd4 cxd4+ 48. Kxd4 Kd2 49. c4 Kc2 50. b4 1-0

[Event "Veterans Bdr 2016"]
[Site "Aubagne"]
[Date "2016.06.02"]
[Round "7.10"]
[White "Roche, Alain"]
[Black "Cotton, Paul"]
[Result "1-0"]
[WhiteElo "1372"]
[BlackElo "1454"]
[PlyCount "115"]
[EventDate "2016.??.??"]
[WhiteTeam "Echiquier Marseillais 1872"]
[BlackTeam "Cercle d'Echecs Aubagnais"]

1. e4 c5 2. Nf3 d6 3. h3 Nc6 4. c3 Nf6 5. Qc2 g6 6. Bc4 Bg7 7. d4 b6 8. O-O O-O
9. e5 dxe5 10. dxe5 Ne8 11. Rd1 Qc7 12. Na3 a6 13. Bf4 Nxe5 14. Bxe5 Bxe5 15.
Qe4 Bb7 16. Qxe5 Bxf3 17. Qxc7 Nxc7 18. gxf3 b5 19. Be2 Ne6 20. Rd7 Nf4 21. Bf1
e6 22. Rad1 c4 23. Kh2 Nd5 24. Rd4 Nb6 25. Rb7 Na4 26. b3 cxb3 27. axb3 Nc5 28.
Rb6 Nxb3 29. Rdd6 Nc5 30. Nc2 Rfd8 31. Kg3 Rxd6 32. Rxd6 Na4 33. Rc6 Nb2 34. f4
Nd1 35. Kf3 Nb2 36. Ke3 Nd1+ 37. Ke2 Nb2 38. Bg2 Ra7 39. Be4 Nc4 40. f3 a5 41.
Kd3 Rd7+ 42. Nd4 e5 43. Rc8+ Kg7 44. fxe5 Nxe5+ 45. Ke3 Nc4+ 46. Kf4 Nb6 47.
Rb8 f5 48. Bc6 Nd5+ 49. Kg3 f4+ 50. Kf2 Rd6 51. Bxd5 Rxd5 52. Ne6+ Kf7 53. Nxf4
Rc5 54. Rb7+ Kf6 55. Ke2 Kg5 56. Ne6+ Kh4 57. Nxc5 Kxh3 58. Rxh7+ 1-0

[Event "Veterans Bdr 2016"]
[Site "Aubagne"]
[Date "2016.06.02"]
[Round "7.11"]
[White "Reynaud, Jacques"]
[Black "Marku, Demeter"]
[Result "1-0"]
[WhiteElo "1315"]
[BlackElo "1595"]
[PlyCount "69"]
[EventDate "2016.??.??"]
[WhiteTeam "Cercle d'Echecs Aubagnais"]
[BlackTeam "La Farlède Toulon Echecs"]

1. Nf3 Nc6 2. d4 d5 3. Bf4 Bg4 4. e3 Nf6 5. Bd3 e6 6. O-O Be7 7. Nbd2 O-O 8. c4
Nh5 9. Re1 Nxf4 10. exf4 Nxd4 11. h3 Bh5 12. g4 Nxf3+ 13. Nxf3 Bg6 14. Rc1 Qd6
15. Re5 f6 16. c5 Qd7 17. Re1 c6 18. f5 exf5 19. gxf5 Bh5 20. Re6 Rf7 21. Qe2
Re8 22. Qe3 g6 23. Re1 Kf8 24. Nd4 g5 25. b4 Rg7 26. b5 g4 27. h4 g3 28. f3
Bxc5 29. Rxe8+ Bxe8 30. Ne6+ Qxe6 31. Qxc5+ Qe7 32. Rxe7 Rxe7 33. Kg2 h6 34.
Qd6 Kf7 35. bxc6 1-0

[Event "Veterans Bdr 2016"]
[Site "Aubagne"]
[Date "2016.06.02"]
[Round "7.12"]
[White "Person, Claude"]
[Black "Le Gall, Louis"]
[Result "0-1"]
[WhiteElo "1236"]
[BlackElo "1474"]
[PlyCount "123"]
[EventDate "2016.??.??"]
[WhiteTeam "Les 3 Tours - Martigues"]
[BlackTeam "La Farlède Toulon Echecs"]

1. e4 e6 2. Nf3 d5 3. e5 c5 4. d4 Nc6 5. Bb5 Bd7 6. Bxc6 Bxc6 7. Bg5 Qb6 8. b3
Bb5 9. a4 Ba6 10. Kd2 cxd4 11. Kc1 Bc5 12. a5 Qc7 13. Bf4 Rc8 14. Qd2 Ne7 15.
Ra2 O-O 16. Nxd4 Bxd4 17. Qxd4 Nc6 18. Qc5 d4 19. Qd6 Rfd8 20. Qxc7 Rxc7 21.
Rd1 Rd5 22. c4 Nxa5 23. Kb2 Nxc4+ 24. bxc4 Rxc4 25. Ka1 h6 26. Nd2 Rc6 27. Nf3
d3 28. Be3 Rb5 29. Nd4 Rc3 30. Nxb5 Bxb5 31. Bd2 Rc5 32. f4 a6 33. Rc1 Rd5 34.
Rc7 Bc6 35. Rc8+ Kh7 36. h4 Kg6 37. g4 h5 38. gxh5+ Kxh5 39. Rh8+ Kg4 40. Rh7
g6 41. Rxf7 Kf3 42. Rf6 Ke2 43. Rxg6 Rc5 44. Rg2+ Bxg2 45. Kb1 Be4 46. Bc1+ Kd1
47. Rd2+ Ke1 48. h5 Rc2 49. Rxc2 dxc2+ 50. Kb2 b5 51. h6 Kd1 52. Be3 a5 53. Bc1
a4 54. Be3 b4 55. Ka1 c1=Q+ 56. Bxc1 Kxc1 57. f5 Bxf5 58. Ka2 Kc2 59. Ka1 Kc3
60. Ka2 b3+ 61. Ka3 b2 62. Kxa4 0-1

[Event "Veterans Bdr 2016"]
[Site "Aubagne"]
[Date "2016.06.02"]
[Round "7.13"]
[White "Roman, Sylvian"]
[Black "Lassalle, Marc"]
[Result "1/2-1/2"]
[WhiteElo "1323"]
[BlackElo "1480"]
[PlyCount "55"]
[EventDate "2016.??.??"]
[WhiteTeam "Cercle d'Echecs Aubagnais"]
[BlackTeam "L'Echiquier du Roy René"]

1. e4 d6 2. d4 Nf6 3. Nc3 g6 4. Nf3 Bg7 5. Be2 O-O 6. O-O b6 7. Re1 c5 8. d5 a6
9. Bd2 b5 10. Bf1 b4 11. Na4 Bd7 12. c3 a5 13. Rb1 e5 14. b3 Ne8 15. c4 f5 16.
Bg5 Qc7 17. exf5 Bxf5 18. Bd3 Bg4 19. Be4 h6 20. Qd2 Bxf3 21. Bxh6 Bxe4 22.
Rxe4 Qf7 23. Bxg7 Kxg7 24. Rh4 Rh8 25. Rxh8 Kxh8 26. Qh6+ Qh7 27. Qf8+ Qg8 28.
Qh6+ 1/2-1/2

[Event "Veterans Bdr 2016"]
[Site "Aubagne"]
[Date "2016.06.02"]
[Round "7.14"]
[White "Kauder, Wilfried"]
[Black "San-Nicolas, Robert"]
[Result "0-1"]
[WhiteElo "1399"]
[BlackElo "1371"]
[PlyCount "26"]
[EventDate "2016.??.??"]
[BlackTeam "Cercle d'Echecs Aubagnais"]

1. e4 e6 2. d4 d5 3. exd5 exd5 4. Nc3 c6 5. Nf3 Bd6 6. g3 Ne7 7. Bg5 f6 8. Bd2
O-O 9. Nh4 Nf5 10. Nxf5 Bxf5 11. Bd3 Bh3 12. Qh5 Qe8+ 13. Be3 Qxh5 0-1

[Event "Veterans Bdr 2016"]
[Site "Aubagne"]
[Date "2016.06.02"]
[Round "7.15"]
[White "Autouard, Jean-Luc"]
[Black "Moerenhout, Jean Claude"]
[Result "0-1"]
[WhiteElo "1378"]
[BlackElo "1289"]
[PlyCount "62"]
[EventDate "2016.??.??"]
[WhiteTeam "Cercle d'Echecs Aubagnais"]
[BlackTeam "Cercle d'Echecs Aubagnais"]

1. e4 e5 2. Nf3 Nc6 3. Bb5 Nf6 4. Nc3 Bc5 5. Bxc6 bxc6 6. Nxe5 O-O 7. d4 Bb6 8.
f4 Bb7 9. Be3 a6 10. O-O d6 11. Nf3 Re8 12. e5 dxe5 13. fxe5 Ng4 14. Bg5 Qd7
15. h3 h6 16. Bd2 c5 17. Nh4 Qxd4+ 18. Kh1 Nf2+ 19. Rxf2 Qxf2 20. Be1 Qf4 21.
Ne2 Qxe5 22. Ng1 Rad8 23. Qg4 Rd6 24. Bc3 Qg5 25. Qc4 Re4 26. Qf1 Rxh4 27. Nf3
Bxf3 28. Qxf3 Rf4 29. Qa8+ Kh7 30. Bd2 Rxd2 31. Qxa6 Qxg2# 0-1

[Event "Veterans Bdr 2016"]
[Site "Aubagne"]
[Date "2016.06.02"]
[Round "7.16"]
[White "Masson, Wally"]
[Black "Blondelon, Claude"]
[Result "1-0"]
[WhiteElo "1189"]
[BlackElo "1315"]
[PlyCount "119"]
[EventDate "2016.??.??"]
[WhiteTeam "Cercle d'Echecs Aubagnais"]
[BlackTeam "Puy Ste Réparade"]

1. e4 e6 2. d4 d5 3. e5 c5 4. Nf3 Nc6 5. Bb5 Bd7 6. c4 cxd4 7. Bxc6 Bxc6 8.
cxd5 Bxd5 9. Qxd4 Ne7 10. Ng5 Qc7 11. O-O Nf5 12. Qf4 h6 13. Ne4 Be7 14. Nbc3
Bc6 15. Bd2 Rd8 16. Rac1 Nd4 17. Be3 b6 18. Nf6+ gxf6 19. Bxd4 Rg8 20. f3 h5
21. Ne2 f5 22. Qh6 Bg5 23. Qh7 Bxc1 24. Qxg8+ Kd7 25. Qxf7+ Kc8 26. Qxc7+ Kxc7
27. Rxc1 Kb7 28. Be3 Rg8 29. h4 Bxf3 30. Nf4 Rg4 31. Kf2 Bd5 32. Nxd5 exd5 33.
e6 Re4 34. Rd1 Kc6 35. g3 Rxe6 36. b4 a6 37. Re1 b5 38. Bc5 Rg6 39. Be3 Rg4 40.
Rc1+ Kd7 41. Rc5 Rxb4 42. Rxd5+ Ke6 43. a3 Rb3 44. Rc5 Rxa3 45. Kf3 Ra4 46.
Rc6+ Kf7 47. Rh6 b4 48. Rxh5 Ke6 49. Rh6+ Kf7 50. Rb6 a5 51. Kf4 b3+ 52. Kxf5
Rb4 53. Rxb4 axb4 54. Bd4 Kg8 55. h5 Kh7 56. g4 Kg8 57. h6 Kh7 58. g5 Kg8 59.
g6 Kf8 60. h7 1-0

[Event "Veterans Bdr 2016"]
[Site "Aubagne"]
[Date "2016.06.02"]
[Round "7.17"]
[White "Pietrac, Christian"]
[Black "Veith, Irene"]
[Result "1-0"]
[WhiteElo "1201"]
[BlackElo "1122"]
[PlyCount "71"]
[EventDate "2016.??.??"]
[WhiteTeam "Club d'Echecs de Miramas"]
[BlackTeam "La Ciotat Echecs (LCE)"]

1. Nf3 Nf6 2. g3 d6 3. d4 g6 4. Nbd2 Bg7 5. c3 O-O 6. Bg2 c6 7. e4 Qc7 8. O-O
Nbd7 9. Re1 Ne8 10. Re2 e5 11. a4 a5 12. Nc4 b6 13. b3 Ba6 14. Re1 exd4 15.
cxd4 d5 16. Bf4 Qd8 17. Nd6 Nxd6 18. Bxd6 Re8 19. e5 c5 20. dxc5 bxc5 21. Qxd5
Nb6 22. Qxc5 Bc8 23. Rad1 Nd7 24. Qc7 Bf8 25. Qxd8 Rxd8 26. Ng5 Ra7 27. e6 Bxd6
28. exf7+ Kg7 29. Rxd6 Bb7 30. Re8 Bxg2 31. Rxd8 Kh6 32. h4 Bc6 33. Rxc6 Rb7
34. Rc3 Kg7 35. Rd3 Ne5 36. f8=Q# 1-0